000 01326cam a22003617a 4500
003 CHAP
005 20220329142245.0
008 000330d2000 mx r 00110 spa d
010 _a80639
011 _a81611
035 _a92085
040 _cCHAP
090 _aTesis
100 0 0 _aHuerta Vázquez, José Luis.
_956718
245 1 0 _aEstudio de conos y semillas de Pinus ayacahuite variedad veitchii Shaw, en dos localidades de la sierra nevada de México
_c/por José Luis Huerta Vázquez
260 _aChapingo, Méx. :
_bEl autor,
_c2000.
300 _a51 h.
502 _aTesis (Ing. Forestal con Orientación en Evaluación y Abastecimiento) -- UACH. División de Ciencias Forestales
590 _aALEPH
_b10
_c20130110
_lUCH01
_h1434
590 _aBATCH-UPD
_b10
_c20130110
_lUCH01
_h0407
590 _aBATCH-UPD
_b10
_c20130110
_lUCH01
_h2101
590 _aBATCH-UPD
_b10
_c20130410
_lUCH01
_h0041
590 _aBATCH-UPD
_b10
_c20130914
_lUCH01
_h1034
590 _aCONVERSION
_b10
_c20130109
_lUCH01
_h1345
650 1 4 _aConos.
_927252
650 1 4 _aPinus ayacahuite.
_988320
650 1 4 _aSemillas forestales
_xAnálisis.
_9103936
901 _aBK
905 _aLilia Sánchez G.
942 _cFOLL
949 _bBC
_cTES
_d33724000753240
_eTS2
_fc.2
_h36108
_i92085
_si
949 _bBC
_cTES
_d920851
_eTS1
_h36107
_i92085
_sb
999 _c80639
_d80639